More Goats than Humans - Statistics

General Stats
  • This quiz has been taken 18 times
  • The average score is 3 of 6
Answer Stats
Goat to Human
Ratio
Country
% Correct
8.63 Mongolia
75%
2.31 Chad
50%
1.28 Central African Republic
44%
1.77 Mauritania
44%
1.27 Mali
38%
1.02 South Sudan
38%
No matching quizzes found
Score Distribution
Percent of People with Each Score
Percentile by Number Answered
Your Score History
You have not taken this quiz